000 00290nam a2200121Ia 4500
008 191201s2013 xx 000 0 und d
100 _aBALAGURUSAMY,E
245 0 _aProgramming in ANSI C
250 _aRep
260 _c2012
_bTata Mc Graw Hill
_aNew Delhi
300 _a558
942 _2ddc
_cBK
999 _c7979
_d7979